Robert Badinter au Panthéon : la consécration d’un humanisme pénal universel (notice n° 2082514)

détails MARC
000 -LEADER
fixed length control field 01789cam a2200217 4500500
005 - DATE AND TIME OF LATEST TRANSACTION
control field 20260405005304.0
041 ## - LANGUAGE CODE
Language code of text/sound track or separate title fre
042 ## - AUTHENTICATION CODE
Authentication code dc
100 10 - MAIN ENTRY--PERSONAL NAME
Personal name Ancel, Bruno
Relator term author
245 00 - TITLE STATEMENT
Title Robert Badinter au Panthéon : la consécration d’un humanisme pénal universel
260 ## - PUBLICATION, DISTRIBUTION, ETC.
Date of publication, distribution, etc. 2026.<br/>
500 ## - GENERAL NOTE
General note 14
520 ## - SUMMARY, ETC.
Summary, etc. RésuméRobert Badinter incarne l’idéal d’une justice éclairée, où le droit, transcendé par la morale, devient un instrument d’émancipation plutôt qu’un simple outil de répression. L’abolition de la peine de mort en 1981, acte fondateur d’un droit pénal qui consacre la primauté de la dignité sur la vengeance, inscrit la France dans la continuité des idéaux des Lumières. Son héritage, universel, transforme la loi en bouclier contre l’inhumanité, offrant à l’Histoire une victoire de la civilisation sur l’obscurantisme.
520 ## - SUMMARY, ETC.
Summary, etc. SummaryRobert Badinter embodies the ideal of an enlightened justice in which the law, elevated by moral principles, becomes an instrument of emancipation rather than a mere tool of repression. The abolition of the death penalty in 1981 – a founding act of a system of criminal law that enshrines the primacy of dignity over vengeance – places France within the continuity of the ideals of the Enlightenment. His universal legacy transforms the law into a shield against inhumanity, offering History a triumph of civilisation over obscurantism.
690 ## - LOCAL SUBJECT ADDED ENTRY--TOPICAL TERM (OCLC, RLIN)
Topical term or geographic name as entry element Humanisme pénal
690 ## - LOCAL SUBJECT ADDED ENTRY--TOPICAL TERM (OCLC, RLIN)
Topical term or geographic name as entry element Panthéonisation
690 ## - LOCAL SUBJECT ADDED ENTRY--TOPICAL TERM (OCLC, RLIN)
Topical term or geographic name as entry element PEINE DE MORT
690 ## - LOCAL SUBJECT ADDED ENTRY--TOPICAL TERM (OCLC, RLIN)
Topical term or geographic name as entry element Robert Badinter
786 0# - DATA SOURCE ENTRY
Note Les Cahiers de la Justice | 1 | 1 | 2026-03-18 | p. 137-149 | 1958-3702
856 41 - ELECTRONIC LOCATION AND ACCESS
Uniform Resource Identifier <a href="https://droit.cairn.info/revue-les-cahiers-de-la-justice-2026-1-page-137?lang=fr&redirect-ssocas=7080">https://droit.cairn.info/revue-les-cahiers-de-la-justice-2026-1-page-137?lang=fr&redirect-ssocas=7080</a>

Pas d'exemplaire disponible.

PLUDOC

PLUDOC est la plateforme unique et centralisée de gestion des bibliothèques physiques et numériques de Guinée administré par le CEDUST. Elle est la plus grande base de données de ressources documentaires pour les Étudiants, Enseignants chercheurs et Chercheurs de Guinée.

Adresse

627 919 101/664 919 101

25 boulevard du commerce
Kaloum, Conakry, Guinée

Réseaux sociaux

Powered by Netsen Group @ 2025